[Event "ICS rated blitz match"]
[Site "204.178.125.65"]
[Date "1999.09.18"]
[Round "?"]
[White "Hossa"]
[Black "PushOver"]
[Result "1-0"]
[WhiteElo "2459"]
[BlackElo "2234"]
[PlyCount "47"]
[EventDate "1999.??.??"]

1. d4 Nf6 2. c4 g6 3. Nc3 Bg7 4. e4 d6 5. f3 Nbd7 6. Bd3 O-O 7. Nge2 c5 8. d5
Ne5 9. O-O a6 10. Bf4 Nh5 11. Bg5 h6 12. Bh4 Qa5 13. Bxe7 Re8 14. Bxd6 Qb4 15.
Bxe5 Bxe5 16. Qc2 Qb6 17. f4 Bb8 18. e5 Qc7 19. Bxg6 Rxe5 20. fxe5 Qxe5 21.
Bxf7+ Kh8 22. g3 Bh3 23. Qg6 Bd6 24. Qxh6# {PushOver checkmated} 1-0

[Event "ICS rated blitz match"]
[Site "204.178.125.65"]
[Date "1999.09.05"]
[Round "?"]
[White "Hossa"]
[Black "Quickie"]
[Result "0-1"]
[WhiteElo "2485"]
[BlackElo "2357"]
[PlyCount "172"]
[EventDate "1999.??.??"]

1. e4 c5 2. Ne2 Nc6 3. Nbc3 g6 4. f3 Bg7 5. d3 Nf6 6. Bg5 O-O 7. g3 b6 8. Bg2
Bb7 9. O-O Nd4 10. Bh3 d5 11. Nf4 dxe4 12. fxe4 h6 13. Bxf6 Bxf6 14. Ncd5 Bxd5
15. Nxd5 Bg7 16. c3 Nc6 17. Bg2 e6 18. Nf4 Ne5 19. d4 cxd4 20. cxd4 Nc4 21. Ne2
Ne3 22. Qd3 Nxf1 23. Rxf1 Rc8 24. Bh3 Qd6 25. Kh1 Rfd8 26. Qd2 a5 27. Bg2 Qb4
28. Qf4 Qe7 29. Qd2 Rc7 30. d5 exd5 31. exd5 Qb4 32. Qxb4 axb4 33. b3 Rc2 34.
Nc1 h5 35. Be4 Rd2 36. h3 Bb2 37. g4 Bxc1 38. Rxc1 hxg4 39. hxg4 Rxa2 40. Rc4
Re2 41. Rxb4 Kg7 42. Bf3 Re3 43. Kg2 Rd6 44. Kf2 Rc3 45. Be4 Kf6 46. Ke2 Ke5
47. Bh1 Rh3 48. Bg2 Rg3 49. Kf2 Rc3 50. Re4+ Kf6 51. Re3 Rxe3 52. Kxe3 Ke5 53.
b4 Rd8 54. Bh1 Rh8 55. Bf3 Rh3 56. b5 g5 57. Kf2 Kf4 58. Be2 Rh2+ 59. Ke1 Ke3
60. Bc4 Rh1+ 61. Bf1 Rg1 62. d6 Rh1 63. d7 Rh8 64. Bc4 Rd8 65. Bxf7 Rxd7 66.
Be6 Re7 67. Bf5 Rc7 68. Kf1 Rc3 69. Kg2 Rb3 70. Bd7 Kf4 71. Kh2 Rb4 72. Kg2
Rb2+ 73. Kf1 Ke3 74. Bc6 Rb4 75. Bd7 Kf3 76. Kg1 Rxg4+ 77. Bxg4+ Kxg4 78. Kg2
Kf4 79. Kf2 g4 80. Kg2 g3 81. Kh1 Kf3 82. Kg1 g2 83. Kh2 Kf2 84. Kh3 g1=Q 85.
Kh4 Kf3 86. Kh3 86... Qg3# {Hossa checkmated} 0-1

[Event "ICS rated blitz match"]
[Site "204.178.125.65"]
[Date "1999.10.02"]
[Round "?"]
[White "Hossa"]
[Black "R-172"]
[Result "1-0"]
[WhiteElo "2478"]
[BlackElo "2273"]
[PlyCount "95"]
[EventDate "1999.??.??"]

1. d4 Nf6 2. c4 e6 3. Nf3 Bb4+ 4. Nbd2 O-O 5. a3 Be7 6. e3 d5 7. Bd3 b6 8. O-O
Bb7 9. cxd5 exd5 10. b4 c6 11. Bb2 Nbd7 12. Re1 Bd6 13. e4 dxe4 14. Nxe4 Nxe4
15. Bxe4 Nf6 16. Bd3 a5 17. b5 cxb5 18. Bxb5 Rc8 19. Ne5 Nd5 20. Qf3 Rc7 21.
Qf5 g6 22. Qb1 Qg5 23. Nf3 Qg4 24. h3 Qf4 25. Bc1 Qf6 26. Bg5 Qg7 27. Qb3 h6
28. Bd2 g5 29. Rac1 g4 30. hxg4 Qxg4 31. Bxh6 Nf4 32. Bxf4 Bxf4 33. Rxc7 Bxc7
34. d5 Bd6 35. a4 Rc8 36. Qd3 Qh5 37. Ba6 Bxa6 38. Qxa6 Rb8 39. Qb5 Bc5 40. Re5
Qh6 41. Qc4 Rd8 42. Qg4+ Kf8 43. Rg5 Ke7 44. Qf4 Rd6 45. Re5+ Kf8 46. Ng5 Qg6
47. Ne6+ Kg8 48. Rg5 {R-172 resigns} 1-0

[Event "ICS rated blitz match"]
[Site "204.178.125.65"]
[Date "1999.10.07"]
[Round "?"]
[White "Hossa"]
[Black "R-172"]
[Result "1-0"]
[WhiteElo "2483"]
[BlackElo "2328"]
[PlyCount "127"]
[EventDate "1999.??.??"]

1. e4 e5 2. Nf3 Nc6 3. Bb5 a6 4. Ba4 Nf6 5. O-O Be7 6. Re1 b5 7. Bb3 O-O 8. d3
h6 9. Bd5 Bd6 10. a4 Bb7 11. Nbd2 Nxd5 12. exd5 Nb4 13. axb5 axb5 14. Rxa8 Bxa8
15. Nxe5 Nxd5 16. d4 Nf6 17. Qe2 Bd5 18. Qxb5 Qa8 19. Qf1 c5 20. dxc5 Bxc5 21.
c4 Bb7 22. Nb3 Bb4 23. Bd2 Qa4 24. Qd3 Bxd2 25. Nxd2 Re8 26. Qd6 Qc2 27. b3 Qc3
28. f3 Kh7 29. Kf2 Kg8 30. Nxd7 Rxe1 31. Nxf6+ gxf6 32. Kxe1 Qe5+ 33. Qxe5 fxe5
34. b4 f5 35. b5 Kf7 36. c5 Bd5 37. Ke2 Ke6 38. Ke3 h5 39. g3 Kf6 40. h3 Ke6
41. Kf2 Kf6 42. c6 Ke6 43. Nb1 Kd6 44. Nc3 Bc4 45. Ke3 Bf1 46. h4 Bc4 47. Kf2
Bd3 48. Ke1 Bc4 49. Kd2 Bf1 50. Ne2 Bg2 51. Ke3 e4 52. fxe4 Bxe4 53. Nd4 Kc7
54. Kf4 Kb6 55. Kg5 Kc5 56. Nxf5 Bxc6 57. bxc6 Kxc6 58. g4 hxg4 59. h5 g3 60.
Nxg3 Kd5 61. h6 Ke5 62. h7 Kd4 63. h8=Q+ Kd5 64. Qc8 {R-172 resigns} 1-0

[Event "ICS rated blitz match"]
[Site "204.178.125.65"]
[Date "1999.10.17"]
[Round "?"]
[White "Hossa"]
[Black "R-172"]
[Result "1-0"]
[WhiteElo "2521"]
[BlackElo "2448"]
[PlyCount "87"]
[EventDate "1999.??.??"]

1. e4 e5 2. Nf3 Nc6 3. Bb5 a6 4. Ba4 d6 5. c3 b5 6. Bc2 Nf6 7. d4 Be7 8. a4 Bb7
9. axb5 axb5 10. Rxa8 Bxa8 11. d5 Nb8 12. Nbd2 c6 13. dxc6 Bxc6 14. O-O Nbd7
15. Qe2 O-O 16. Rd1 Qb6 17. Nb3 Ra8 18. Bg5 h6 19. Bh4 Qb7 20. Bb1 Kf8 21. Nbd2
Bd8 22. c4 b4 23. Qe3 Bb6 24. Qd3 Qc7 25. Qe2 Nh5 26. Nxe5 Nf4 27. Nxd7+ Bxd7
28. Qf3 g5 29. Bg3 Bd4 30. Bxf4 gxf4 31. b3 Be5 32. Qh5 Kg7 33. Nf3 Be6 34. Bd3
Ra2 35. Qh4 Qc5 36. Nxe5 dxe5 37. Bf1 Rb2 38. Rd3 Rb1 39. g3 Bxc4 40. Qg4+ Kf6
41. bxc4 Qxc4 42. Qf5+ Ke7 43. Qxe5+ Kf8 44. Rd8# {R-172 checkmated} 1-0

[Event "ICS rated blitz match"]
[Site "204.178.125.65"]
[Date "1999.10.17"]
[Round "?"]
[White "Hossa"]
[Black "R-172"]
[Result "1-0"]
[WhiteElo "2546"]
[BlackElo "2423"]
[PlyCount "159"]
[EventDate "1999.??.??"]

1. e4 e5 2. Nf3 Nc6 3. Bb5 a6 4. Ba4 Nf6 5. O-O Be7 6. Re1 b5 7. Bb3 O-O 8. c3
d6 9. h3 Na5 10. Bc2 c5 11. d4 Qc7 12. Bg5 Rd8 13. Nbd2 Nc6 14. d5 Nb8 15. Qe2
Nbd7 16. a4 Rb8 17. axb5 axb5 18. Ra2 c4 19. Rea1 Nc5 20. Ra7 Rb7 21. Ra8 Bd7
22. Be3 Rxa8 23. Rxa8+ Rb8 24. Rxb8+ Qxb8 25. Bxc5 dxc5 26. Qe3 Ne8 27. b3 cxb3
28. Bxb3 Bd6 29. Ba2 Qa7 30. Bb1 Qa1 31. Ng5 h6 32. Ngf3 Nf6 33. Kh1 Qb2 34.
Ng1 Kh7 35. Qd3 Nh5 36. Qc2 Qa3 37. Ne2 c4 38. Qa2 Qxa2 39. Bxa2 Bc5 40. Nf3 f6
41. g4 Nf4 42. Nxf4 exf4 43. Kg2 Bc8 44. Ng1 Kg6 45. Ne2 Kg5 46. Kf3 Bd6 47.
Nd4 Bd7 48. Kg2 h5 49. f3 Bc5 50. Ne6+ Bxe6 51. dxe6 h4 52. Kf1 Kg6 53. Ke2 Kh7
54. Bb1 Kg8 55. g5 fxg5 56. e5 Kf8 57. Be4 b4 58. Kd2 Ke7 59. Bd5 Be3+ 60. Kc2
bxc3 61. Kxc3 Ba7 62. Bxc4 Bb8 63. Kd4 Ba7+ 64. Ke4 g6 65. Bd5 Bb6 66. Ba2 Ba7
67. Bc4 Bc5 68. Kd5 Ba7 69. Bd3 Bb8 70. Bxg6 Ba7 71. Bf5 Bb8 72. Bg4 Ba7 73.
Ke4 Bb6 74. Kf5 Ba7 75. Kxg5 Bb6 76. Kxf4 Ba7 77. Ke4 Bb6 78. f4 Ba7 79. f5 Bb6
80. f6+ {R-172 resigns} 1-0

[Event "ICS rated blitz match"]
[Site "204.178.125.65"]
[Date "1999.09.07"]
[Round "?"]
[White "Hossa"]
[Black "R-172"]
[Result "0-1"]
[WhiteElo "2533"]
[BlackElo "2134"]
[PlyCount "115"]
[EventDate "1999.??.??"]

1. e4 e5 2. Nc3 Nf6 3. Nf3 Nc6 4. Bb5 Bb4 5. O-O O-O 6. d3 d6 7. Bxc6 bxc6 8.
Na4 Bg4 9. c3 Ba5 10. Bg5 h6 11. Bxf6 Qxf6 12. h3 Bxf3 13. Qxf3 Qxf3 14. gxf3
f5 15. Kg2 Rf6 16. Rg1 Raf8 17. Raf1 fxe4 18. fxe4 Rg6+ 19. Kh1 Rxg1+ 20. Kxg1
Rf3 21. Kg2 Rxd3 22. h4 h5 23. Rg1 g6 24. Kh2 Kf7 25. b4 Bb6 26. Kg2 Rd2 27.
Nxb6 axb6 28. a4 Ra2 29. Rd1 Rxa4 30. Kg3 Ra3 31. Rd3 c5 32. bxc5 bxc5 33. f4
exf4+ 34. Kxf4 Kf6 35. Rf3 Ra1 36. Kg3+ Ke7 37. Kf4 Rg1 38. Rg3 Rxg3 39. Kxg3
Kf6 40. Kf4 c4 41. Kf3 Ke5 42. Ke3 c6 43. Kf3 d5 44. Ke2 Kxe4 45. Kd2 Kf3 46.
Kd1 Kg4 47. Ke1 Kxh4 48. Kf2 Kg4 49. Ke3 h4 50. Kd4 h3 51. Kc5 h2 52. Kd4 h1=Q
53. Kc5 Kf5 54. Kd6 d4 55. cxd4 c3 56. d5 Qxd5+ 57. Kc7 c2 58. Kb6 {
Hossa resigns} 0-1

[Event "ICS rated blitz match"]
[Site "204.178.125.65"]
[Date "1999.09.17"]
[Round "?"]
[White "Hossa"]
[Black "R-172"]
[Result "1-0"]
[WhiteElo "2392"]
[BlackElo "2275"]
[PlyCount "65"]
[EventDate "1999.??.??"]

1. d4 Nf6 2. c4 e6 3. Nf3 Bb4+ 4. Bd2 a5 5. e3 b6 6. Bxb4 axb4 7. Bd3 Bb7 8.
Nbd2 d5 9. O-O O-O 10. cxd5 exd5 11. Qc2 Nbd7 12. Ne5 Re8 13. Rfc1 Rc8 14. Nxd7
Qxd7 15. Bf5 Qd6 16. Bxc8 Rxc8 17. Qf5 g6 18. Qg5 Kg7 19. Rc2 c5 20. Rac1 c4
21. e4 h6 22. Qe5 Qxe5 23. dxe5 Nxe4 24. Nxe4 dxe4 25. Rxc4 Re8 26. Rxb4 Rxe5
27. Rxb6 Re7 28. a4 Bd5 29. b4 e3 30. fxe3 Rxe3 31. Rd6 Be4 32. Rc4 Re2 33. Kf1
{R-172 resigns} 1-0

[Event "ICS rated blitz match"]
[Site "204.178.125.65"]
[Date "1999.09.30"]
[Round "?"]
[White "Hossa"]
[Black "R-172"]
[Result "1-0"]
[WhiteElo "2511"]
[BlackElo "2217"]
[Annotator "Fritz 5.32 (20s)"]
[PlyCount "89"]
[EventDate "1999.??.??"]

1. d4 Nf6 2. c4 e6 3. Nf3 Be7 (3... c6 4. Bf4 d5 5. e3 Nbd7 6. a3 Be7 7. Qc2
O-O 8. Nc3 Nh5 9. Bg3 f5 10. Be5 Nhf6 11. Bd3 Ne4 12. O-O Bf6 13. b4 Nxe5 14.
dxe5 Be7 15. Nd4 Bd7 16. Nce2 Qb8 17. f4 Kh8 18. Bxe4 fxe4 19. c5 g6 20. Kh1
Qc7 21. Nc3 Rf7 22. g3 h5 23. Qg2 Rg8 24. h4 Kg7 25. Qh3 Rf5 26. Rg1 Rh8 27.
Rac1 Rh6 28. Nce2 Kf7 29. Qf1 Rh8 30. Rg2 Qd8 31. Nxf5 gxf5 32. Ng1 Qg8 33. Qd1
Qg4 34. Qxg4 hxg4 35. Rgc2 Ra8 36. Ne2 a5 37. Nd4 axb4 38. axb4 {
Dermann,G-Biebinger,G/BL9293 1993/GER-chT/1-0 (55)}) 4. e3 $146 (4. Bg5 h6 5.
Bh4 Nc6 6. Nc3 b6 7. e4 Bb7 8. Be2 d6 9. O-O Nh7 10. Bg3 O-O 11. d5 Nb8 12.
dxe6 fxe6 13. Nd4 Bc8 14. Bg4 Rf6 15. e5 Rg6 16. Bf3 c5 17. Bxa8 cxd4 18. Qxd4
18... d5 {Schrammeck,T-Thiemig,R/Hohenlimburg 1978/EXT 98/1-0 (33)}) (4. Nc3 b6
(4... Nc6 5. e3 a6 6. a4 Bb4 7. Bd3 Bxc3+ 8. bxc3 d5 9. Ba3 dxc4 10. Bxc4 Ne4
11. Qc2 f5 12. O-O h5 13. Rad1 Nd6 14. Ba2 Ne7 15. Ne5 O-O 16. f4 Rf6 17. d5
exd5 18. Bxd5+ Nxd5 19. Rxd5 {Maibach,B-Stiffler,E/Pizol 1997/EXT 99/1-0 (29)})
5. Bf4 c6 6. e3 Bb7 7. Bd3 Na6 8. Rc1 c5 9. O-O Nh5 10. Bg3 g6 11. d5 Nxg3 12.
hxg3 Nb4 13. Bb1 O-O 14. a3 Na6 15. e4 d6 16. Re1 Nc7 17. Qd2 Bf6 18. Rcd1
18... e5 {Bergmeister,E-Mathofer,K/Ruhr-chS 5th 1998/EXT 99/0-1 (45)}) 4... O-O
5. Bd3 d5 6. O-O Nbd7 7. b3 c5 8. Ba3 cxd4 9. Bxe7 (9. exd4 9... b6 $14) 9...
Qxe7 10. exd4 ({Nicht} 10. Nxd4 10... dxc4 11. Bxc4 11... Nb6 $15) 10... b6 11.
cxd5 (11. a4 11... Bb7 $11) 11... Nxd5 {
Schwarz entwickelt Drohungen in der offenen c-Linie} 12. Nbd2 Bb7 13. Qb1 13...
h6 {Befestigt g5} 14. Rc1 Rac8 15. Bc4 15... a6 {Staerkt b5} 16. Qe4 16... b5 {
Nun geraet Weiss unter starken Druck.} 17. Bxd5 17... Bxd5 {
Der Laeufer ist gut postiert} 18. Qd3 Qa3 19. Rc2 Nb6 20. Ne5 Rxc2 21. Qxc2 Rc8
22. Qb1 Qb4 23. Nef3 Qc3 24. Qd1 Qc2 25. Ne1 Qb2 26. Nf1 a5 27. Ng3 a4 28. bxa4
Nxa4 ({Schwaecher scheint} 28... bxa4 29. Rb1 a3 30. Rxb2 axb2 31. Nd3 $14) 29.
Nd3 $19 (29. Ne2 Bxa2 30. Nd3 30... Qb3 $19) 29... Qxd4 30. Ne2 30... Qg4 {
Mit der Mattdrohung Qxg2} 31. Ndf4 Bc4 32. f3 (32. Rc1 e5 33. Nd5 Bxe2 34.
Rxc8+ Qxc8 35. Qxe2 Qc1+ 36. Qf1 Qd2 37. Ne7+ 37... Kf8 $19) 32... Qf5 33. Rc1
Qc5+ 34. Kh1 e5 35. Nh5 Qe3 (35... Nb2 36. Qd7 Nd3 37. Rc2 $19) 36. Nhg3 g6 (
36... Nb2 37. Qd7 Ra8 38. Qb7 $19) 37. Ne4 Rc6 38. Rc2 Kg7 39. N2g3 $2 (39. Qa1
$142 39... Re6 40. N2g3 $17) 39... h5 $17 (39... Bb3 40. Qa1 Rxc2 41. Qxe5+ Kf8
42. Qh8+ Ke7 43. Qe5+ Kd8 44. Qb8+ Kd7 45. Qxb5+ 45... Kc7 $15) 40. Nf1 Qd4 41.
Rd2 Qb6 42. Nfg3 h4 43. Ne2 Qe3 44. Ng1 44... b4 $4 $18 {
wirft den sicheren Gewinn weg} (44... Nc5 $142 45. Nf2 45... f5 $17) 45. Qxa4 (
45. Qxa4 Qb6 46. Rb2 $18) 1-0

[Event "ICS rated blitz match"]
[Site "204.178.125.65"]
[Date "1999.09.21"]
[Round "?"]
[White "Hossa"]
[Black "R-172"]
[Result "0-1"]
[WhiteElo "2413"]
[BlackElo "2253"]
[PlyCount "160"]
[EventDate "1999.??.??"]

1. e4 c5 2. Nf3 e6 3. Nc3 Nc6 4. d4 cxd4 5. Nxd4 a6 6. Be2 Nf6 7. Nxc6 bxc6 8.
e5 Nd5 9. Ne4 f5 10. exf6 Nxf6 11. Bg5 Be7 12. Bxf6 gxf6 13. Nd6+ Kf8 14. O-O
Rg8 15. Qd3 Rg7 16. Rad1 Bxd6 17. Qxd6+ Qe7 18. Rfe1 Qxd6 19. Rxd6 Ke7 20. Red1
Rb8 21. b3 a5 22. c4 c5 23. Bf3 Rb4 24. Be4 a4 25. Bc2 axb3 26. Bxb3 Ke8 27. g3
Bb7 28. f4 f5 29. Kf2 Bc6 30. R6d2 h5 31. Ke3 Rb8 32. Rd3 Ke7 33. R1d2 h4 34.
gxh4 Rh8 35. Rf2 Rxh4 36. a4 Rg1 37. Rd1 Rh3+ 38. Kd2 Rxd1+ 39. Bxd1 Ra3 40.
Bc2 Bxa4 41. Bd3 Ra2+ 42. Ke3 Rxf2 43. Kxf2 Kf6 44. Be2 d5 45. cxd5 exd5 46.
Ba6 d4 47. Bc4 Bc2 48. Kf1 Be4 49. Ke2 Ke7 50. h4 Kf6 51. Kf2 Kg6 52. Kg3 d3
53. Kf2 Kh5 54. Kg3 d2 55. Be2+ Kg6 56. Bd1 c4 57. Kf2 c3 58. Ke3 c2 59. Bxc2
Bxc2 60. Kxd2 Be4 61. Ke1 Kh5 62. Kd1 Kxh4 63. Ke2 Kg3 64. Ke3 Kg4 65. Kf2 Kxf4
66. Ke2 Kg3 67. Kd2 f4 68. Kc3 f3 69. Kd4 Ba8 70. Ke3 f2 71. Ke2 Kg2 72. Ke3
f1=Q 73. Kd4 Qe2 74. Kc5 Qd3 75. Kb4 Qc2 76. Kb5 Qc3 77. Kb6 Qc4 78. Ka5 Qb3
79. Ka6 Bc6 80. Ka7 80... Qb7# {Hossa checkmated} 0-1

[Event "ICS rated blitz match"]
[Site "204.178.125.65"]
[Date "1999.09.04"]
[Round "?"]
[White "Hossa"]
[Black "R-172"]
[Result "0-1"]
[WhiteElo "2490"]
[BlackElo "2077"]
[PlyCount "96"]
[EventDate "1999.??.??"]

1. e4 e5 2. Nf3 Nc6 3. Bb5 Nf6 4. d3 d6 5. Bxc6+ bxc6 6. Bg5 Be7 7. O-O O-O 8.
c4 Nd7 9. Bxe7 Qxe7 10. Nfd2 Nc5 11. Nb3 Ne6 12. Na5 Bd7 13. f3 f5 14. Nd2 Rab8
15. Ndb3 c5 16. Qd2 Rb6 17. Rf2 Nf4 18. Qe3 Qg5 19. Kh1 h6 20. Re1 Rbb8 21. Qd2
Rf6 22. Ref1 Rg6 23. Nc1 Qh5 24. Nab3 a6 25. Ne2 Ne6 26. Qa5 Rb6 27. Qa3 Rf6
28. Ng3 Qf7 29. Kg1 f4 30. Ne2 g5 31. Nc3 Bc6 32. Na5 Ba8 33. Nd5 Bxd5 34. cxd5
Nd4 35. Nc4 Rb8 36. Qxa6 h5 37. Qa7 Rf8 38. Qb7 g4 39. fxg4 hxg4 40. Nd2 Qh7
41. Rc1 g3 42. h3 gxf2+ 43. Kh2 Qh4 44. Kh1 f3 45. Nxf3 Rxf3 46. Kh2 Qg3+ 47.
Kh1 f1=Q+ 48. Rxf1 48... Rxf1# {Hossa checkmated} 0-1

[Event "ICS rated blitz match"]
[Site "204.178.125.65"]
[Date "1999.09.03"]
[Round "?"]
[White "Hossa"]
[Black "R-172"]
[Result "1-0"]
[WhiteElo "2572"]
[BlackElo "2047"]
[PlyCount "71"]
[EventDate "1999.??.??"]

1. e4 e5 2. Nf3 Nc6 3. Bb5 a6 4. Ba4 Nf6 5. O-O Be7 6. Re1 b5 7. Bb3 O-O 8. c3
d5 9. exd5 Nxd5 10. Nxe5 Nxe5 11. Rxe5 c6 12. Bxd5 cxd5 13. d4 Bd6 14. Re3 Qh4
15. h3 f5 16. Qb3 Bb7 17. Qd1 Rae8 18. Qf3 f4 19. Re2 Bc6 20. Nd2 Rxe2 21. Qxe2
Re8 22. Qf1 Bd7 23. a4 Qg5 24. Nf3 Qh5 25. Nh2 Re2 26. axb5 Bxb5 27. Qd1 Qe8
28. Bd2 Qe4 29. Nf3 Qd3 30. Qb3 Bc4 31. Qb6 Qg6 32. Rxa6 Bxa6 33. Qxa6 h6 34.
Qxe2 Qb1+ 35. Kh2 Qxb2 36. Qe6+ {R-172 resigns} 1-0

[Event "ICS rated blitz match"]
[Site "204.178.125.65"]
[Date "1999.09.07"]
[Round "?"]
[White "Hossa"]
[Black "R-172"]
[Result "1-0"]
[WhiteElo "2527"]
[BlackElo "2140"]
[PlyCount "50"]
[EventDate "1999.??.??"]

1. e4 e5 2. Nc3 Nf6 3. Nf3 Nc6 4. Bb5 Bb4 5. O-O d6 6. Nd5 Bc5 7. d4 exd4 8.
Nxd4 Bd7 9. Bxc6 bxc6 10. Nxf6+ Qxf6 11. Be3 O-O 12. c3 Rfe8 13. f3 d5 14. Nc2
Bd6 15. exd5 Rxe3 16. Nxe3 Qf4 17. Re1 Re8 18. g3 Qg5 19. Qd4 c5 20. Qh4 Qg6
21. Nc4 f6 22. Re3 Rxe3 23. Nxe3 Qd3 24. Qe4 Qd2 25. Nc4 25... Bh3 {
R-172 resigns} 1-0

[Event "ICS rated blitz match"]
[Site "204.178.125.65"]
[Date "1999.09.06"]
[Round "?"]
[White "Hossa"]
[Black "R-172"]
[Result "1-0"]
[WhiteElo "2533"]
[BlackElo "2132"]
[PlyCount "43"]
[EventDate "1999.??.??"]

1. d4 Nf6 2. c4 e6 3. Nc3 Bb4 4. a3 Bxc3+ 5. bxc3 c5 6. e3 Nc6 7. Bd3 b6 8. Ne2
Ba6 9. e4 e5 10. Qa4 Qc8 11. d5 Na5 12. Bg5 Ng8 13. O-O f6 14. Be3 Ne7 15. f4
Ng6 16. Ng3 exf4 17. Bxf4 Nxf4 18. Rxf4 O-O 19. Nf5 Qe8 20. Rg4 g6 21. Rf1 Qe5
22. Qxd7 {R-172 resigns} 1-0

[Event "ICS rated blitz match"]
[Site "204.178.125.65"]
[Date "1999.09.06"]
[Round "?"]
[White "Hossa"]
[Black "R-172"]
[Result "1-0"]
[WhiteElo "2544"]
[BlackElo "2121"]
[PlyCount "71"]
[EventDate "1999.??.??"]

1. d4 Nf6 2. c4 e6 3. Nc3 Bb4 4. a3 Bxc3+ 5. bxc3 c5 6. e3 O-O 7. Bd3 b6 8. e4
d6 9. Ne2 e5 10. O-O Nc6 11. d5 Ne7 12. f3 Ne8 13. Rb1 f5 14. Bg5 f4 15. Qe1 h6
16. Bh4 g5 17. Bf2 Rf7 18. Qd2 Ng6 19. Rb3 Rb8 20. Rb5 Bd7 21. Rb2 h5 22. Kh1
g4 23. fxg4 hxg4 24. Be1 Rh7 25. Kg1 Qg5 26. g3 Qh5 27. Nxf4 exf4 28. gxf4 Nh4
29. Bxh4 Qxh4 30. e5 Rh6 31. e6 Bc8 32. Rf2 Rb7 33. Rg2 Rg7 34. Rg3 Nf6 35. f5
Nh5 36. Qxh6 {R-172 resigns} 1-0

[Event "ICS rated blitz match"]
[Site "204.178.125.65"]
[Date "1999.09.20"]
[Round "?"]
[White "Hossa"]
[Black "R-172"]
[Result "1-0"]
[WhiteElo "2355"]
[BlackElo "2282"]
[PlyCount "87"]
[EventDate "1999.??.??"]

1. e4 e5 2. Nf3 Nc6 3. Bb5 a6 4. Ba4 Nf6 5. O-O Be7 6. Re1 b5 7. Bb3 O-O 8. c3
d6 9. h3 Na5 10. Bc2 c5 11. d4 Nd7 12. a4 b4 13. cxb4 cxb4 14. Be3 Nc4 15. Nbd2
Nxe3 16. fxe3 Bf6 17. Rf1 g6 18. Rc1 a5 19. Bb3 Kg7 20. Bd5 Ra7 21. Nc4 Nb6 22.
dxe5 dxe5 23. Ncxe5 Bd7 24. b3 Qe7 25. Qd4 Nc8 26. Rc2 Ra6 27. Rc5 Nd6 28. Rc7
Rd8 29. Bxf7 Nxf7 30. Rxd7 Rxd7 31. Qxd7 Qxd7 32. Nxd7 Bc3 33. e5 Ra7 34. e6
Nd6 35. h4 h6 36. g4 Ne4 37. Nd4 Bxd4 38. Rf7+ Kg8 39. exd4 g5 40. hxg5 hxg5
41. Nf6+ Nxf6 42. Rxa7 Nd5 43. Rxa5 Nf4 44. Rxg5+ {R-172 resigns} 1-0

[Event "ICS rated blitz match"]
[Site "204.178.125.65"]
[Date "1999.09.08"]
[Round "?"]
[White "Hossa"]
[Black "RM"]
[Result "1-0"]
[WhiteElo "2470"]
[BlackElo "2312"]
[PlyCount "137"]
[EventDate "1999.??.??"]

1. e4 d6 2. d4 Nf6 3. f3 c6 4. Bd3 g6 5. Ne2 Bg7 6. Bg5 Nbd7 7. O-O O-O 8. c4
c5 9. d5 Ne5 10. Nf4 h6 11. Bxf6 Bxf6 12. Nc3 a6 13. Qd2 Rb8 14. b3 Nxd3 15.
Qxd3 b5 16. Rab1 Qa5 17. Nfe2 bxc4 18. bxc4 Bd7 19. Rb3 Rxb3 20. axb3 Rb8 21.
Rb1 Qa3 22. Qc2 Bg7 23. Nf4 a5 24. Nce2 a4 25. bxa4 Rxb1+ 26. Qxb1 Qxa4 27. Qb7
Bd4+ 28. Nxd4 cxd4 29. Kf2 g5 30. Nh5 d3 31. Ke3 f5 32. exf5 Kf7 33. Ng3 d2 34.
Kxd2 Qa2+ 35. Ke3 Qa3+ 36. Ke2 Qa2+ 37. Kd3 Qa3+ 38. Kd4 Qa1+ 39. Ke4 Qe5+ 40.
Kd3 Bxf5+ 41. Nxf5 Qxf5+ 42. Kd2 Qf4+ 43. Kd3 Qf5+ 44. Kd2 Qf4+ 45. Kd3 Qxh2
46. Qb2 Qf4 47. Qh8 Qf5+ 48. Kc3 Qf6+ 49. Qxf6+ Kxf6 50. g4 Ke5 51. Kd3 Kf4 52.
Ke2 Kg3 53. Ke3 Kg2 54. f4 gxf4+ 55. Kxf4 Kh3 56. g5 hxg5+ 57. Kxg5 Kg3 58. Kf5
Kf3 59. Ke6 Ke4 60. Kxe7 Kd4 61. Kxd6 Kxc4 62. Ke6 Kd4 63. d6 Ke4 64. d7 Kf4
65. d8=Q Kg4 66. Qd3 Kf4 67. Kf6 Kg4 68. Qe3 Kh5 69. Qh3# {RM checkmated} 1-0

[Event "ICS rated blitz match"]
[Site "204.178.125.65"]
[Date "1999.09.08"]
[Round "?"]
[White "Hossa"]
[Black "RM"]
[Result "1-0"]
[WhiteElo "2479"]
[BlackElo "2290"]
[PlyCount "69"]
[EventDate "1999.??.??"]

1. e4 d6 2. d4 Nf6 3. f3 g6 4. Bb5+ c6 5. Bd3 Nbd7 6. Ne2 Bg7 7. O-O O-O 8. Bg5
b5 9. c3 Rb8 10. Nd2 c5 11. Rc1 b4 12. Qa4 a5 13. Nc4 d5 14. Nxa5 Ra8 15. cxb4
cxb4 16. Rxc8 Qxc8 17. Qxb4 dxe4 18. fxe4 Rb8 19. Qd2 Qc7 20. Rc1 Qb6 21. Nc6
Qxb2 22. Nxb8 Qxb8 23. Bb1 Qb7 24. Qe3 h6 25. Bf4 e5 26. dxe5 Ng4 27. Qg3 Ngxe5
28. Rf1 Qb2 29. Nc3 g5 30. Bc1 Qb6+ 31. Be3 Qa5 32. Nd5 Nc4 33. Bxg5 hxg5 34.
Ne7+ Kh7 35. e5+ {RM resigns} 1-0

[Event "ICS rated blitz match"]
[Site "204.178.125.65"]
[Date "1999.10.13"]
[Round "?"]
[White "Hossa"]
[Black "Rabbit-Basher"]
[Result "1-0"]
[WhiteElo "2403"]
[BlackElo "2184"]
[PlyCount "71"]
[EventDate "1999.??.??"]

1. d4 Nf6 2. c4 c5 3. d5 e6 4. Nc3 exd5 5. cxd5 d6 6. e4 g6 7. f4 Bg7 8. Bb5+
Nfd7 9. Bd3 O-O 10. Nf3 a6 11. O-O b5 12. Be3 Qe7 13. Re1 Bb7 14. Bf2 Nb6 15.
e5 Nxd5 16. Nxd5 Bxd5 17. exd6 Qb7 18. Bxc5 Nd7 19. Bb4 Bxf3 20. Qxf3 Qxf3 21.
gxf3 Bxb2 22. Rad1 Bf6 23. Rc1 Rac8 24. Kg2 Rxc1 25. Rxc1 Bd8 26. Be4 Bb6 27.
f5 Rd8 28. fxg6 hxg6 29. Rc6 Kf8 30. Bc3 Ke8 31. Bg7 Rb8 32. Kg3 a5 33. f4 b4
34. Bd5 a4 35. Rc2 Bd8 36. Re2+ {Rabbit-Basher resigns} 1-0

[Event "ICS rated blitz match"]
[Site "204.178.125.65"]
[Date "1999.10.13"]
[Round "?"]
[White "Hossa"]
[Black "Rabbit-Basher"]
[Result "1/2-1/2"]
[WhiteElo "2417"]
[BlackElo "2170"]
[PlyCount "61"]
[EventDate "1999.??.??"]

1. d4 Nf6 2. c4 c5 3. d5 e6 4. Nc3 exd5 5. cxd5 d6 6. e4 g6 7. f4 Bg7 8. Bb5+
Nfd7 9. Bd3 O-O 10. Nf3 a6 11. O-O b5 12. Be3 b4 13. Na4 a5 14. e5 dxe5 15.
fxe5 Nxe5 16. Nxe5 Bxe5 17. Qf3 Nd7 18. Bh6 Bb7 19. Bxf8 Qxf8 20. Kh1 f5 21.
Bc4 Qd6 22. Rad1 Nf6 23. Qe3 Ne4 24. Rf3 Re8 25. Qh6 Bg7 26. Qf4 Be5 27. Qh4
Bf6 28. Qh3 Bd4 29. Qh4 Bf6 30. Qh3 Bd4 31. Qh4 {Game drawn by mutual agreement
} 1/2-1/2

[Event "ICS rated blitz match"]
[Site "204.178.125.65"]
[Date "1999.10.10"]
[Round "?"]
[White "Hossa"]
[Black "Rabbit-Basher"]
[Result "1-0"]
[WhiteElo "2511"]
[BlackElo "2309"]
[PlyCount "79"]
[EventDate "1999.??.??"]

1. d4 Nf6 2. c4 c5 3. d5 e6 4. Nc3 exd5 5. cxd5 d6 6. e4 g6 7. Nf3 Bg7 8. Bg5
h6 9. Bb5+ Nbd7 10. Bf4 Qe7 11. Bd3 O-O 12. O-O a6 13. Qd2 Kh7 14. Bg3 Nh5 15.
Bh4 g5 16. Bg3 Kh8 17. Rac1 b5 18. a4 Nxg3 19. fxg3 b4 20. Nd1 Ne5 21. Qe2 a5
22. Nxe5 Qxe5 23. Qf3 Bd7 24. b3 Rae8 25. g4 Qe7 26. Nf2 Bd4 27. Kh1 Bxf2 28.
Rxf2 Qe5 29. Qf6+ Qxf6 30. Rxf6 Kg7 31. Rxd6 Bxg4 32. Ra6 f5 33. h3 fxe4 34.
Bb5 Bc8 35. Ra7+ Kf6 36. Bxe8 Rxe8 37. Rxa5 e3 38. Raxc5 e2 39. Re1 Ba6 40.
Rc6+ {Rabbit-Basher resigns} 1-0

[Event "ICS rated blitz match"]
[Site "204.178.125.65"]
[Date "1999.10.12"]
[Round "?"]
[White "Hossa"]
[Black "Rabbit-Basher"]
[Result "1-0"]
[WhiteElo "2367"]
[BlackElo "2201"]
[PlyCount "48"]
[EventDate "1999.??.??"]

1. d4 Nf6 2. c4 c5 3. d5 e6 4. Nc3 exd5 5. cxd5 d6 6. e4 g6 7. f4 Bg7 8. Bb5+
Nfd7 9. Bd3 O-O 10. Nf3 a6 11. O-O b5 12. Be3 Nf6 13. Qe1 Bg4 14. e5 dxe5 15.
Bxc5 Re8 16. fxe5 Bxf3 17. Rxf3 Nxd5 18. Be4 Rxe5 19. Bd4 Nxc3 20. Bxe5 Bxe5
21. Bxa8 Nd7 22. bxc3 Qxa8 23. Rd1 Qa7+ 24. Qe3 24... Qxe3+ {
Rabbit-Basher resigns} 1-0